00964nam0a22002171 4500001001000000005001700010035002600027100004100053101000800094102000700102105001800109200024300127210003500370215002200405320004200427702007500469712014300544801001800687801002200705852001900727rc\53540820260407131446.0 a(NLR Aleph) 005772968 a20030616d1987 |||y0rusy50 ca0 arus aRU aa |||||||||1 aСудовое энергомашиностроениеeСб. науч. тр.fНиколаев. кораблестроит. ин-т им. С.О. Макароваg[Редкол.: М.Н. Александров (отв. ред.) и др.] aНиколаевcНКИd1987 a84 с.cил.d21 aБиблиогр. в конце ст. 1aАлександровbМ.Н.gМихаил Николаевич434002aНиколаевский кораблестроительный институт им. С. О. Макарова3RU\NLR\AUTH\889985068 0aRUbNLRgpsbo 1aRUbELAR2rusmarc aNLRj88-4/6683